Komparative Analyse der deutschen, russischen und slowakischen Metaphern in der Wirtschaftssprache diplomová práca

Salvato in:
Dettagli Bibliografici
Autore principale: Kalaš, Filip, 1993-
Ente Autore: Fakulta aplikovaných jazykov EU v Bratislave. Katedra jazykovedy a translatológie
Altri autori: Lišková, Danuša
Natura: Libro
Lingua:tedesco
Pubblicazione: Bratislava 2017
Tags: Aggiungi Tag
Nessun Tag, puoi essere il primo ad aggiungerne!!

MARC

LEADER 00000nbm a2200000 4500
001 0231462
005 20180213104559.8
041 0 |a ger 
044 |a SK 
245 1 0 |a Komparative Analyse der deutschen, russischen und slowakischen Metaphern in der Wirtschaftssprache  |b diplomová práca  |c Filip Kalaš ; školiteľ: Danuša Lišková 
264 1 |a Bratislava  |c 2017 
300 |a 84 s. 
100 1 |a Kalaš, Filip, 1993- 
700 1 |a Lišková, Danuša 
710 2 |a Fakulta aplikovaných jazykov EU v Bratislave. Katedra jazykovedy a translatológie